00529nam a22001937a 450000500170000001000130001702000100003003500130004003700160005304000120006908200100008110000190009124500760011026000290018627000590021530000200027465000150029465000260030920170124105915.0 aA-286550 c00.00 aA-286550 bCen Lib/Ret aDPLbEN a351.5 aMuthuswamy, P. aSwamy's compilation on suspension and reinstatement /cby P. Muthuswamy aMadrasbSwamy Publishers aSandhya Mansions, 164, R. K. Mutt RoadbMadrase600028 a127p.c21cm(Hb) aIndian Law aSuspension-Indian Law